Bilecik Bilecik Bilecik Bilecik Bilecik

ed-Delilu'ş şafi ala'l minhali's safi/ (Record no. 64005)

MARC details
000 -BAŞLIK
Sabit Uzunluktaki Kontrol Alanı 01047nam a22003137a 4500
001 - KONTROL NUMARASI
Control Dosyası 0064209
003 - KONTROL NUMARASI KİMLİĞİ
Kontrol Alanı KOHA_MİRAKIL
005 - EN SON İŞLEM TARİHİ ve ZAMANI
Kontrol Alanı 20260207004456.0
007 - FİZİKSEL TANIM SABİT ALAN - GENEL BİLGİ
Sabit uzunluklu kontrol alanı ta
008 - SABİT UZUNLUKTAKİ VERİ ÖGELERİ - GENEL BİLGİ
Sabit Alan 190304b1959 tu |||grb|||#0|||0|ara |
040 ## - KATALOGLAMA KAYNAĞI
Özgün Kataloglama Kurumu TR-BiSEU
Kataloglama Dili tur
Çeviri Kurumu TR-BiSEU
Açıklama Kuralları rda
041 0# - DİL KODU
Metin ya da ses kaydının dil kodu ara
044 ## - YAYINLAYAN/ÜRETEN KURULUŞUN ÜLKE KODU
ISO country code tu
050 ## - SINIFLAMA ve YER NUMARASI
Sınıflama Numarası BP144
Yer Numarası .B57 1959
100 1# - KİŞİ ADI
Yazar Adı (Kişi adı) Birdi, Cemaleddin Ebi'l Mehasin Yusuf b. Tegri.
245 13 - ESER ADI BİLDİRİMİ
Başlık ed-Delilu'ş şafi ala'l minhali's safi/
Sorumluluk Bildirimi Cemaleddin Ebi'l Mehasin Yusuf b. Tegri Birdi ; Cemaleddin Ebi'l Mehasin Yusuf b. Tegri Birdi.
264 #1 - ÜRERİM, YAYIN, DAĞITIM ve TELİF BİLDİRİMİ
Yayın yeri Kahire :
Yayınlayan Daru'l kutup ve'l vesa iki'l kavmiyye kahire
Yayın tarihi 1959
300 ## - FİZİKSEL TANIMLAMA
Sayfa, Cilt vb. 1099 sayfa
336 ## - İÇERİK TÜRÜ
Content type term metin
Content type code txt
Source rdacontent
337 ## - MEDYA TÜRÜ
Media type term aracısız
Media type code n
Source rdamedia
338 ## - TAŞIYICI TÜRÜ
Carrier type term cilt
Carrier type code nc
Source rdacarrier
650 #0 - KONU BAŞLIĞI EK GİRİŞ - KONU TERİMİ
Konusal terim veya coğrafi ad Bibliyografyalar.
9 (RLIN) 118623
650 #0 - KONU BAŞLIĞI EK GİRİŞ - KONU TERİMİ
Konusal terim veya coğrafi ad İslam kültür ve medeniyeti tarihi.
9 (RLIN) 88764
650 #0 - KONU BAŞLIĞI EK GİRİŞ - KONU TERİMİ
Konusal terim veya coğrafi ad İslam Dini.
9 (RLIN) 24696
650 #0 - KONU BAŞLIĞI EK GİRİŞ - KONU TERİMİ
Konusal terim veya coğrafi ad Tabakat kitapları.
9 (RLIN) 118624
650 #0 - KONU BAŞLIĞI EK GİRİŞ - KONU TERİMİ
Konusal terim veya coğrafi ad Şahıs biyografyaları.
9 (RLIN) 118625
907 ## - LOCAL DATA ELEMENT G, LDG (RLIN)
a Bibliyografya
942 ## - EK GİRİŞ ÖGELERİ (KOHA)
Source of classification or shelving scheme Library of Congress Classification
Koha item type Book
Holdings
Materyal Türü Kalıcı Konum Mevcut Konum Raf Yeri Koleksiyon Kodu Sınıflandırma Kaynağı Edinim Bilgisi Ana Konular Alt Konular Yer Numarası Demirbaş Numarası Fatura Tarihi Geri Çekilme Durumu Kayıp Durumu Hasarlı Durumu Kredi için değil Kayıt Tarih Toplam Ödünçverme Son Görülme Tarihi Son Kontrol Tarihi Genel / Bağış Notu
Book Prof. Dr. Azmi Özcan Kütüphanesi Prof. Dr. Azmi Özcan Kütüphanesi Uluğbey Salonu Özel Library of Congress Classification Bağış FELSEFE, PSİKOLOJİ, DİN İslam, Bahailik, Teozofi vb. BP144 .B57 1959 0064209 02/02/2026       Ödünç verilmez 04/03/2019   14/11/2025 14/11/2025 Genel Bağış